| 000 | 00580nam a2200157Ia 4500 | ||
|---|---|---|---|
| 008 | 100122s9999 xx 000 0 und d | ||
| 082 |
_b72588 _a823.08 |
||
| 100 | _aमोने निर्मला | ||
| 245 | _aजादूचं रबर आणि इतर गोष्टी | ||
| 250 | _a1 | ||
| 260 |
_bमेहता पब्लिशिंग हाऊस _c2007 |
||
| 300 | _a30 | ||
| 630 | _aजादूचं रबर आणि इतर गोष्टी | ||
| 730 | _aजादूचं रबर आणि इतर गोष्टी | ||
| 942 | _cBOOK | ||
| 999 |
_c388575 _d388572 |
||